P. L. Pauson: ORGANOMETALLIC CHEMISTRY.

Bibliographic Details
Main Author: Zikmund, Miroslav, 1921-2023 (Author)
Format: Article
Language:Slovak

MARC

LEADER 00000nab a2200000uu 4500
001 vtls010876188
003 SK-MaSNL
005 20260303185824.0
008 230303|1968 xo |||||||||||||||||slo|
015 |a SNBRB 
035 |a (urnnbn)urn:nbn:sk:snk:ar-0063e4 
035 |a (uuid)e2fcb541-f092-4aa6-9e72-4cfffde8601a 
035 |a urn:nbn:sk:snk-ab7pvs 
040 |a SNKBUCL  |b slo  |c SNKBUCL  |e AACR2 
041 0 |a slo 
044 |a xo  |c SK 
100 1 |a Zikmund, Miroslav,  |d 1921-2023  |4 aut  |9 100214 
245 1 0 |a P. L. Pauson: ORGANOMETALLIC CHEMISTRY.  |c M. Zikmund 
246 3 |a M. Dub: ORGANOMETALLIC COMPOUNDS. 
773 0 |t Chemické zvesti  |g Roč. 22, č. 4 (1968), s. 311-312 
958 |a OND 
958 |a EUIPO 
958 |a article8 
999 |c 2133181  |d 2135111